Villes françaises en grec - Statistiques

Statistiques générales
  • Ce quiz a été pris 14 685 fois
  • Le résultat moyen est 9 sur 20
Statistiques - réponses
Grec Français % Correct
Μετς Metz
92%
Τουλούζη Toulouse
91%
Σαιντ-Ετιέν Saint-Étienne
86%
Τουλόν Toulon
83%
Μασσαλία Marseille
77%
Τουρ Tours
77%
Μυλούζ Mulhouse
66%
Μονπελιέ Montpellier
62%
Ορλεάνη Orléans
62%
Λε Μαν Le Mans
61%
Νάντη Nantes
59%
Νίκαια Nice
57%
Στρασβούργο Strasbourg
51%
Νιμ Nîmes
50%
Παρίσι Paris
50%
Λιλ Lille
49%
Καλαί Calais
48%
Αμιένη Amiens
44%
Αβινιόν Avignon
43%
Βρέστη Brest
41%
Ρουέν Rouen
41%
Καν Caen
40%
Κάννες Cannes
38%
Λυών Lyon
37%
Περπινιάν Perpignan
37%
Δουνκέρκη Dunkerque
36%
Ρεν Rennes
34%
Τρουά Troyes
34%
Λοριάν Lorient
33%
Σαιν-Πολ Saint-Paul
30%
Αιάκειο Ajaccio
29%
Νάνσυ Nancy
29%
Λιμόζ Limoges
28%
Ρενς Reims
28%
Σαιν-Ντενί Saint-Denis
25%
Βερσαλίες Versailles
25%
Ανζέ Angers
24%
Γκρενόμπλ Grenoble
22%
Ρουμπαί Roubaix
21%
Βιλερμπάν Villeurbanne
15%
Μπεζιέ Béziers
14%
Μπορντό Bordeaux
14%
Ντιζόν Dijon
12%
Χάβρη Le Havre
7%
Aucun quiz correspondant
Distribution des résultats
% des personnes avec chaque résultat
Percentile par nombre de réponses
Votre historique - résultats
Vous n’avez pas pris ce quiz